| Tag |
First Indicator |
Second Indicator |
Subfields |
| LEADER |
00000pam a2200000 i 4500 |
| 001 |
in00000096769 |
| 005 |
20150925090347.0 |
| 008 |
790301s1979 ctua b 01110beng |
| 010 |
|
|
|a 77078425
|
| 020 |
|
|
|a 0815958234
|
| 035 |
|
|
|a (OCoLC)04884270
|
| 035 |
|
|
|9 AAL2482AM
|
| 040 |
|
|
|a DLC
|c DLC
|d TXA
|d UtOrBLW
|
| 043 |
|
|
|a n-us---
|
| 049 |
|
|
|a TXAM
|c [979359]
|
| 050 |
0 |
0 |
|a QC173.59.S65
|b I93 1979
|
| 082 |
0 |
|
|a 530.1/1
|
| 100 |
1 |
|
|a Ives, Herbert Eugene,
|d 1882-1953.
|
| 245 |
1 |
4 |
|a The Einstein myth and the Ives papers :
|b a counter-revolution in physics : with excerpts from Ives' correspondence, The Einstein myth by Dean Turner, a condensation of Euclid or Einstein by J. J. Callahan, and papers and comments by others /
|c edited with comments by Richard Hazelett and Dean Turner.
|
| 264 |
|
1 |
|a Old Greenwich, Conn. :
|b Devin-Adair Co.,
|c [1979]
|
| 264 |
|
4 |
|c ©1979
|
| 300 |
|
|
|a [xxxi] 110, 313 pages :
|b illustrations ;
|c 29 cm.
|
| 336 |
|
|
|a text
|b txt
|2 rdacontent
|
| 337 |
|
|
|a unmediated
|b n
|2 rdamedia
|
| 338 |
|
|
|a volume
|b nc
|2 rdacarrier
|
| 500 |
|
|
|a "The Einstein myth, by Dean Turner" pages 1-95.
|
| 504 |
|
|
|a Includes bibliographical references and index.
|
| 600 |
1 |
0 |
|a Ives, Herbert Eugene,
|d 1882-1953.
|
| 650 |
|
0 |
|a Space and time.
|
| 650 |
|
0 |
|a Relativity (Physics)
|
| 650 |
|
0 |
|a Physics.
|
| 650 |
|
0 |
|a Physicists
|z United States
|v Biography.
|
| 700 |
1 |
|
|a Turner, Dean.
|
| 700 |
1 |
|
|a Hazelett, Richard.
|
| 700 |
1 |
2 |
|a Turner, Dean.
|t Einstein myth. 1979.
|
| 740 |
4 |
|
|a The Einstein myth.
|
| 999 |
|
|
|a MARS
|
| 999 |
f |
f |
|s 00dc78fb-8afd-3095-b864-48369b2e298f
|i 7b6ed1a7-1d5d-3af4-9990-32e0cf375663
|t 0
|
| 952 |
f |
f |
|p ric
|a Texas A&M University
|b Rellis Campus
|c Joint Library Facility
|d Remote Storage
|t 0
|e QC173.59.S65 I93 1979
|h Library of Congress classification
|i unmediated -- volume
|m A14804606724
|
| 998 |
f |
f |
|a QC173.59.S65 I93 1979
|t 0
|l Remote Storage
|